| 000 | 01260nam a22001937a 4500 | ||
|---|---|---|---|
| 999 |
_c57108 _d57108 |
||
| 003 | Ge_BSU | ||
| 005 | 20200728120115.0 | ||
| 008 | 191119s2018 g ||||| |||| 00| 0 geo d | ||
| 041 | _ageo | ||
| 080 | _a57.271.72(479.22) ს-97 | ||
| 100 |
_aსუხიტაშვილი, კახაბერ. _95457 |
||
| 245 |
_aსაქართველოს ყვავილოვანი მცენარეები : _bსარკვევი / _cკახაბერ სუხიტაშვილი. |
||
| 264 |
_aთბილისი, _c2018 |
||
| 500 | _aსარკვევზე მუშაობის დროს გაწეული დახმარებისთვის CENN მადლობას უხდის მარინე მოსულაშვილს ; ზაურ ხაჩიძეს; გიორგი არაბულს და სხვ.. | ||
| 501 | _aფოტო ყდაზე ქართული ზამბახი:iris iberica | ||
| 653 | _aბოტანიკა | ||
| 653 | _aსარკვევი მოცავს საქართველოს ფლორის 800სახეობას და 800ორიგინალურ ფოტოს | ||
| 942 |
_2udc _cBK |
||